000 00455nam a2200181Ia 4500
003 LK-CoDNM
008 010623t2001 xxu||||| |||| 00| 1 sin d
040 _aLK-CoDNM
_dLK-CoDNM
_eLK-CoDNM
041 _asin
080 _a398
_bMAL
100 _aHadunpathirana, Karunathilaka
245 _aමල් පිට මල්
246 _aMal pita mal
260 _bS.Godage
_aColombo
_c2001
300 _b120, 22 cm
650 _aFolk Tales
942 _cBK
999 _c121379
_d121379